<?xml version="1.0" encoding="UTF-8"?>
<record
    xmlns:xsi="http://www.w3.org/2001/XMLSchema-instance"
    xsi:schemaLocation="http://www.loc.gov/MARC21/slim http://www.loc.gov/standards/marcxml/schema/MARC21slim.xsd"
    xmlns="http://www.loc.gov/MARC21/slim">

  <leader>02514nam a22002537a 4500</leader>
  <controlfield tag="003">OSt</controlfield>
  <controlfield tag="005">20190108081543.0</controlfield>
  <controlfield tag="008">180220b        xxu||||| |||| 00| 0 spa d</controlfield>
  <datafield tag="020" ind1=" " ind2=" ">
    <subfield code="a">9501405672</subfield>
  </datafield>
  <datafield tag="040" ind1=" " ind2=" ">
    <subfield code="c">PJ</subfield>
  </datafield>
  <datafield tag="100" ind1=" " ind2=" ">
    <subfield code="a">Tawil, Guido Santiago </subfield>
    <subfield code="9">2118</subfield>
  </datafield>
  <datafield tag="245" ind1="1" ind2="0">
    <subfield code="a">Recurso ordinario de apelaci&#xF3;n ante la Corte Suprema de Justicia /</subfield>
    <subfield code="c">Guido Santiago Tawil, pr&#xF3;logo del Dr. Augusto M.Morello.</subfield>
  </datafield>
  <datafield tag="260" ind1=" " ind2=" ">
    <subfield code="a">Buenos Aires :</subfield>
    <subfield code="c">Depalma,</subfield>
    <subfield code="b">1990.</subfield>
  </datafield>
  <datafield tag="300" ind1=" " ind2=" ">
    <subfield code="a">206 p.</subfield>
    <subfield code="c">23 cm.</subfield>
  </datafield>
  <datafield tag="500" ind1=" " ind2=" ">
    <subfield code="a">Citas y notas bibliogr&#xE1;ficas a pie de p&#xE1;gina.</subfield>
  </datafield>
  <datafield tag="501" ind1=" " ind2=" ">
    <subfield code="a">Bibliograf&#xED;a: p. 197-201.</subfield>
  </datafield>
  <datafield tag="504" ind1=" " ind2=" ">
    <subfield code="a">Contenido: 
La Corte Suprema y su competencia en grado de apelaci&#xF3;n -- Competencia apelada de la Suprema Corte norteamericana. Su evoluci&#xF3;n -- El recurso de apelaci&#xF3;n. Concepto general -- El recurso ordinario de apelaci&#xF3;n ante la Suprema Corte -- Su origen y evoluci&#xF3;n en la legislaci&#xF3;n argentina -- El recurso ordinario de apelaci&#xF3;n . Su finalidad y sustento constitucional -- Conveniencia o inconveniencia de su subsistencia -- Relaci&#xF3;n ente los recursos ordinario y extraordinario de apelaci&#xF3;n -- La reforma introducida por la Ley 23.774. su incidencia frente a la competencia apelada de la Corte Suprema de Justicia -- Requisitos comunes a los recursos de apelaci&#xF3;n. Enumeraci&#xF3;n -- Requisitos propios del recurso ordinario de apelaci&#xF3;n ante la Corte Suprema -- La exigencia de que la resoluci&#xF3;n materia de recurso sea una sentencia definitiva emanada de una c&#xE1;mara nacional de apelaciones -- La limitaci&#xF3;n de la procedencia del recurso en raz&#xF3;n del moto -- Procedimiento para la interposici&#xF3;n y tramitaci&#xF3;n del recurso. Normativa aplicable -- Alcance del conocimiento del tribunal -- El caso de los intereses da&#xF1;os y perjuicios y reclamos derivados de hechos posteriores a la sentencia de segunda instancia -- El recurso ordinario de apelaci&#xF3;n en materia penal. Evoluci&#xF3;n y situaci&#xF3;n actual -- El recurso ordinario en  materia de extradici&#xF3;n. Su justificaci&#xF3;n . Su procedencia frente a la existencia o inexistencia de agravios . El concepto de sentencia definitiva en materia de extradici&#xF3;n -- Causas previstas en el art. 24, inc. 6, ap. "c" -- Situaciones especiales.</subfield>
  </datafield>
  <datafield tag="650" ind1=" " ind2="0">
    <subfield code="9">267</subfield>
    <subfield code="a">DERECHO PROCESAL</subfield>
  </datafield>
  <datafield tag="650" ind1=" " ind2="0">
    <subfield code="9">178</subfield>
    <subfield code="a">DERECHO CONSTITUCIONAL</subfield>
  </datafield>
  <datafield tag="650" ind1=" " ind2="0">
    <subfield code="9">2083</subfield>
    <subfield code="a">RECURSO DE APELACI&#xD3;N (PROCESAL)</subfield>
  </datafield>
  <datafield tag="650" ind1=" " ind2="0">
    <subfield code="9">2046</subfield>
    <subfield code="a">RECURSO ORDINARIO DE APELACI&#xD3;N ANTE LA CORTE SUPREMA</subfield>
  </datafield>
  <datafield tag="700" ind1=" " ind2=" ">
    <subfield code="9">95</subfield>
    <subfield code="a">Morello, Augusto Mario </subfield>
    <subfield code="e">prologuista</subfield>
  </datafield>
  <datafield tag="942" ind1=" " ind2=" ">
    <subfield code="2">udc</subfield>
    <subfield code="c">LIB</subfield>
    <subfield code="h">347.9:342.4 </subfield>
    <subfield code="i">TAW</subfield>
  </datafield>
  <datafield tag="999" ind1=" " ind2=" ">
    <subfield code="c">1418</subfield>
    <subfield code="d">1418</subfield>
  </datafield>
  <datafield tag="952" ind1=" " ind2=" ">
    <subfield code="0">0</subfield>
    <subfield code="1">0</subfield>
    <subfield code="2">udc</subfield>
    <subfield code="4">0</subfield>
    <subfield code="7">0</subfield>
    <subfield code="a">DJS</subfield>
    <subfield code="b">DJS</subfield>
    <subfield code="d">2018-09-10</subfield>
    <subfield code="o">347.9:342.4 TAW</subfield>
    <subfield code="p">0535</subfield>
    <subfield code="r">2018-09-10</subfield>
    <subfield code="w">2018-09-10</subfield>
    <subfield code="y">LIB</subfield>
  </datafield>
</record>
